Sports Quiz

Random Sports Quiz
Score 0/50 Timer 20:00
0 Plays Today
Continent PAYS % Correct
EUROPEESPAGNE
95.3%
AMÉRIQUE DU SUDARGENTINE
95.3%
AMÉRIQUE DU SUDBRÉSIL
95.1%
EUROPEALLEMAGNE
93.6%
AFRIQUEALGÉRIE
93.3%
AFRIQUEMAROC
93.3%
EUROPESUÈDE
92.4%
AFRIQUEAFRIQUE DU SUD
92.1%
EUROPESUISSE
91.6%
EUROPEPORTUGAL
91.4%
EUROPEFRANCE
90.4%
AFRIQUESÉNÉGAL
90.1%
EUROPEITALIE
90.1%
ASIEJAPON
89.9%
EUROPEBELGIQUE
88.4%
AFRIQUETUNISIE
88.2%
EUROPENORVÈGE
86.5%
AMÉRIQUE DU NORDÉTATS UNIS
86.2%
AMÉRIQUE DU SUDCOLOMBIE
86.2%
AFRIQUECONGO
81.8%
EUROPEAUTRICHE
81.8%
AFRIQUEMALI
81.5%
EUROPEPAYS BAS
81.3%
EUROPEDANEMARK
80%
EUROPEALBANIE
79.8%
Continent PAYS % Correct
EUROPECROATIE
79.6%
EUROPERÉPUBLIQUE TCHÈQUE
79.6%
EUROPEPOLOGNE
79.3%
AMÉRIQUE DU SUDURUGUAY
77.8%
AFRIQUECAMEROUN
76.6%
EUROPETURQUIE
75.6%
AFRIQUECÔTE D'IVOIRE
73.4%
AFRIQUEGHANA
72.7%
EUROPEBULGARIE
70.9%
EUROPEROUMANIE
70.2%
AFRIQUEBURKINA FASO
68.5%
AFRIQUEMOZAMBIQUE
66%
AFRIQUETOGO
61.3%
EUROPEBOSNIE
60.6%
AFRIQUENIGÉRIA
59.9%
AFRIQUEGABON
58.9%
EUROPEÉCOSSE
58.9%
AFRIQUEMADAGASCAR
58.6%
AFRIQUEGUINÉE
55.7%
AFRIQUEZAMBIE
55.7%
AFRIQUEBÉNIN
54.2%
EUROPEMACÉDOINE
50.2%
ASIEQATAR
34.2%
AFRIQUECENTRAFRIQUE
31.5%
AFRIQUERÉPUBLIQUE DÉMOCRATIQUE DU CONGO
27.1%
Remove Ads.
Support Sporcle.
Get the best of Sporcle when you Go Orange. This ad-free experience offers more features, more stats, and more fun while also helping to support Sporcle. Thank you for becoming a member.

You're not logged in!

Compare scores with friends on all Sporcle quizzes.
OR
Log In

Sporcle TV

Today on Sporcle TV


Watch our educational content, quiz creation guides, and fun videos on Sporcle TV.

Show Comments

Extras

Created May 14, 2020SourceReportNominate
Tags:1994, 1995, poste, saison

Top Quizzes Today


Score Distribution

Paid Content

Your Account Isn't Verified!

In order to create a playlist on Sporcle, you need to verify the email address you used during registration. Go to your Sporcle Settings to finish the process.

Report this User

Report this user for behavior that violates our Community Guidelines.

Details: